| 000 | 00438cam a2200169ua 4500 | ||
|---|---|---|---|
| 041 |
_aeng _h |
||
| 082 |
_a822 _bMOL/MO |
||
| 100 | _aMoliere, . | ||
| 245 |
_aMoliere comedies, vol 2 / _cMoliere. _hTextual Documents |
||
| 260 |
_aLondon : _bJ M Dent and Sons Ltd , _c1965. |
||
| 300 | _a472 ; . | ||
| 440 | 0 |
_aEveryman`s library, _v831 _x; |
|
| 490 | 0 |
_aEveryman`s library, _v831 _x; |
|
| 504 | _a | ||
| 942 | _cBK | ||
| 999 |
_c665 _d665 |
||